000
00317nam a22001337a 4500
020
_a
812860837-1
082
_a
823
_b
JON/P
100
_a
LIZZIE MCGUIRE
245
_a
PICTURE THIS
260
_a
MUMBAI
_b
EURO BOOKS INTERNATIONAL
_c
2007
300
_a
134
650
_a
FROM THE HIT TV SERIES ON DISNEY CHANNEL
942
_c
BK
999
_c
458
_d
458